旧国名を取ると存在しない駅の名前になる駅 - Statistics

General Stats
  • This quiz has been taken 19 times
  • The average score is 38 of 133
Answer Stats
Hint Answer % Correct
上総 上総一ノ宮
67%
渡島 渡島砂原
61%
伊豆 伊豆熱川
61%
備中 備中高梁
61%
伊豆 伊豆稲取
56%
伊予 伊予大洲
56%
筑後 筑後船小屋
56%
伊勢 伊勢奥津
50%
近江 近江塩津
50%
紀伊 紀伊市木
50%
渡島 渡島沼尻
44%
下総 下総神崎
44%
甲斐 甲斐常葉
44%
伊豆 伊豆多賀
44%
山城 山城多賀
44%
因幡 因幡社
44%
陸中 陸中門崎
39%
陸前 陸前豊里
39%
武蔵 武蔵溝ノ口
39%
武州 武州唐沢
39%
下総 下総橘
39%
越前 越前たけふ
39%
美濃 美濃白鳥
39%
飛騨 飛騨小坂
39%
三河 三河塩津
39%
紀伊 紀伊浦神
39%
出雲 出雲神西
39%
備後 備後庄原
39%
大隅 大隅大川原
39%
陸奥 陸奥赤石
33%
羽前 羽前前波
33%
羽前 羽前豊里
33%
磐城 磐城塙
33%
常陸 常陸多賀
33%
下野 下野花岡
33%
上総 上総久保
33%
飛騨 飛騨一ノ宮
33%
飛騨 飛騨細江
33%
伊豆 伊豆仁田
33%
遠州 遠州西ヶ崎
33%
河内 河内堅上
33%
河内 河内小阪
33%
紀伊 紀伊中ノ島
33%
出雲 出雲大東
33%
備前 備前片上
33%
備中 備中呉妹
33%
備中 備中広瀬
33%
備後 備後西城
33%
安芸 安芸長束
33%
周防 周防下郷
33%
長門 長門大井
33%
讃岐 讃岐白鳥
33%
肥前 肥前浜
33%
薩摩 薩摩今和泉
33%
常陸 常陸大子
28%
越後 越後堀之内
28%
越中 越中舟橋
28%
越前 越前新保
28%
越前 越前薬師
28%
遠州 遠州芝本
28%
三河 三河川合
28%
三河 三河槙原
28%
伊賀 伊賀上津
28%
紀伊 紀伊井田
28%
紀伊 紀伊日置
28%
出雲 出雲三成
28%
備前 備前田井
28%
周防 周防久保
28%
長門 長門三隅
28%
土佐 土佐久礼
28%
日向 日向新富
28%
薩摩 薩摩板敷
28%
陸前 陸前稲井
22%
羽後 羽後岩谷
22%
羽後 羽後境
22%
羽後 羽後長戸呂
22%
上州 上州一ノ宮
22%
武蔵 武蔵増戸
22%
上総 上総東
22%
越後 越後広瀬
22%
越中 越中荏原
22%
信濃 信濃境
22%
美濃 美濃川合
22%
尾張 尾張森岡
22%
伊勢 伊勢大井
22%
伊勢 伊勢八知
22%
丹後 丹後神崎
22%
河内 河内天美
22%
河内 河内磐船
22%
播磨 播磨徳久
22%
紀伊 紀伊細川
22%
備前 備前西市
22%
備前 備前福河
22%
備中 備中川面
22%
安芸 安芸阿賀
22%
周防 周防花岡
22%
伊予 伊予出石
22%
伊予 伊予石城
22%
伊予 伊予上灘
22%
肥前 肥前麓
22%
日向 日向大束
22%
陸奥 陸奥岩崎
17%
陸奥 陸奥沢辺
17%
陸前 陸前谷地
17%
羽前 羽前沼沢
17%
磐城 磐城常葉
17%
上総 上総松丘
17%
上総 上総三又
17%
下総 下総豊里
17%
信濃 信濃白鳥
17%
美濃 美濃津屋
17%
伊勢 伊勢八太
17%
伊勢 伊勢治田
17%
安芸 安芸矢口
17%
周防 周防佐山
17%
阿波 阿波赤石
17%
阿波 阿波橘
17%
伊予 伊予宮野下
17%
肥前 肥前七浦
17%
豊後 豊後荻
17%
日向 日向前田
17%
薩摩 薩摩松元
17%
信濃 信濃平
11%
伊予 伊予大平
11%
伊予 伊予三芳
11%
土佐 土佐新荘
11%
肥前 肥前久保
11%
羽後 羽後四ッ屋
6%
筑前 筑前垣生
6%
豊前 豊前大熊
6%
肥後 肥後伊倉
6%
肥後 肥後西村
6%
豊後 豊後三芳
6%
No matching quizzes found
Score Distribution
Percent of People with Each Score
Percentile by Number Answered
Your Score History
You have not taken this quiz